Sedm němých let příběhy z rodinné psychoterapie

Bibliographic Details
Main Author: Seltzer, Wencke J. (Author)
Other Authors: Novotná, Marie (Translator)
Format: Book
Language:Czech
Norwegian
PhysicalDescription:165 s. ilustr. 21 cm
Published: Praha Portál 2008
ISBN:9788073674625
Edition:Vyd. 1.
Subjects:

MARC

LEADER 00000cam a2200000 a 4500
001 vtls009355943
003 SK-MaSNL
005 20260301024318.0
008 240315s2008 xr a g 000 0 cze
020 |a 9788073674625  |q (viaz.) 
040 |a SNK  |b slo  |c SNK  |e AACR2 
041 1 |a cze  |h nor 
044 |a xr  |c CZ 
072 7 |a 364-1/-7  |x Druhy sociálnej pomoci a služieb  |2 konspekt 
080 |a 364.642-785.4  |2 2001 
080 |a (0:82-32)  |2 2001 
100 1 |a Seltzer, Wencke J.  |4 aut  |9 318166 
240 1 0 |a Familiehemmeligheter  |l Česky 
245 1 0 |a Sedm němých let  |b příběhy z rodinné psychoterapie  |c Wencke J. Seltzer ; [překlad Marie Novotná] 
250 |a Vyd. 1. 
260 |a Praha  |b Portál  |c 2008 
300 |a 165 s.  |b ilustr.  |c 21 cm 
500 |a Prel. z nór. 
650 0 7 |a rodinná psychoterapia  |2 SNKPH  |9 3805 
650 0 7 |a Family psychotherapy  |2 SNKPHeng  |9 318167 
655 7 |a príbehy  |2 SNKPH  |9 70507 
655 7 |a Stories  |2 SNKPHeng  |9 265785 
700 1 |a Novotná, Marie  |4 trl  |9 301347 
919 |a 978-80-7367-462-5 
999 |c 570913  |d 572843 
952 |t snkSEL 173  |a SNKUST  |b SNKUST  |y PREZ  |7 0  |p 17A0613174  |o snkIC 137597  |i snk2009/7623  |8 4  |g 10.29  |0 0  |1 0  |4 0  |d 2008-12-15  |l 0  |r 2025-03-19 00:00:00  |w 2026-02-23